<?xml version="1.0" encoding="UTF-8"?>
<marc:record xmlns:marc="http://www.loc.gov/MARC21/slim">
   <marc:leader>00000nam a2200000 a 4500</marc:leader>
   <marc:datafield ind1="1" ind2=" " tag="100">
      <marc:subfield code="a">Hamann, Brigitte</marc:subfield>
      <marc:subfield code="4">aut</marc:subfield>
      <marc:subfield code="e">Verfasser/-in</marc:subfield>
   </marc:datafield>
   <marc:datafield ind1="0" ind2="0" tag="245">
      <marc:subfield code="a">Hitlers Wien</marc:subfield>
   </marc:datafield>
   <marc:datafield ind1="0" ind2="0" tag="245">
      <marc:subfield code="b">Lehrjahre eines Diktators</marc:subfield>
   </marc:datafield>
   <marc:datafield ind1=" " ind2="1" tag="264">
      <marc:subfield code="b">Piper</marc:subfield>
      <marc:subfield code="c">1996</marc:subfield>
   </marc:datafield>
   <marc:datafield ind1="1" ind2=" " tag="520">
      <marc:subfield code="a">Dieses Buch ist der Versuch einer Kultur- und Sozialgeschichte Wiens für die Jahre vor dem Ersten Weltkrieg, gesehen aus dem Blickwinkel eines alleinstehenden jungen Gelegenheitsarbeiters aus der Provinz: Adolf Hitler, zugleich dessen Biographie, bis er 1913 nach München ging (Vorwort). Die Wiener Historikerin, Autorin u.a. von Büchern zu Kaiserin Elisabeth (BA 2/84, 21), B. von Suttner (BA 1/87), Kronprinz Rudolf (BA 3/92), konfrontiert spätere Äusserungen Hitlers über seine Wiener Jahre z.B. in "Mein Kampf", Tischgesprächen, Reden etc. mit der Realität jenes Vorkrieg-Wiens anhand einer Fülle zeitgenössischen Materials und schreibt so die überaus kenntnisreiche Doppelbiographie: Lehrjahre eines Diktators vor dem Spiegelbild einer Stadt in ihrer Spätkultur, die mannigfache Revision bisheriger Hitler-Biographien bedingt und zur Korrektur bisheriger Einschätzungen über die Prägekraft dieser Jahre zwingt. Erstaunliches kommt da zu Tage, vorzüglich präsentiert. (2)</marc:subfield>
   </marc:datafield>
   <marc:datafield ind1="3" ind2=" " tag="024">
      <marc:subfield code="a">3492035981</marc:subfield>
   </marc:datafield>
</marc:record>
